[Event "ENCI Limburg-open B"]
[Site "Maastricht"]
[Date "2008.05.12"]
[Round "6"]
[White "Willen, Ronny"]
[Black "Laan, Kart"]
[Result "1-0"]
[WhiteElo "1812"]
[BlackElo "1541"]
[PlyCount "43"]
[EventDate "2008.05.09"]
[EventType "swiss"]
[EventRounds "7"]
[EventCountry "NED"]
[Source "P.Boonen"]
[SourceDate "2010.01.01"]

1. e4 e5 2. Nf3 Nc6 3. Bb5 a6 4. Bxc6 bxc6 5. O-O Nf6 6. Nxe5 Bd6 7. Nf3 O-O 8.
e5 Bc5 9. exf6 Qxf6 10. d4 Bb6 11. Qd3 h6 12. c4 d6 13. Be3 c5 14. Nc3 Bf5 15.
Qd2 cxd4 16. Bxd4 Qg6 17. Nd5 Rfe8 18. Nh4 Qg4 19. Nxf5 Qxf5 20. Bxb6 Re4 21.
f3 Re5 22. Bd4 1-0

[Event "ENCI Limburg-open B"]
[Site "Maastricht"]
[Date "2008.05.12"]
[Round "6"]
[White "Wissink, Sander"]
[Black "Gunther, Justin"]
[Result "1/2-1/2"]
[WhiteElo "1894"]
[BlackElo "1752"]
[PlyCount "109"]
[EventDate "2008.05.09"]
[EventType "swiss"]
[EventRounds "7"]
[EventCountry "NED"]
[Source "P.Boonen"]
[SourceDate "2010.01.01"]

1. e4 c5 2. Nf3 d6 3. d4 cxd4 4. Nxd4 Nf6 5. Nc3 a6 6. Be3 e5 7. Nb3 Be6 8. Qd2
Be7 9. f3 Nbd7 10. g4 Qc7 11. O-O-O b5 12. Nd5 Bxd5 13. exd5 Nb6 14. Bxb6 Qxb6
15. g5 Nd7 16. Bh3 Nc5 17. Na5 h6 18. gxh6 Rxh6 19. Bg4 Rg6 20. h4 Bf6 21. Nc6
e4 22. h5 Rg5 23. h6 gxh6 24. Rxh6 Rg6 25. Rxg6 fxg6 26. Qh6 Qc7 27. Qxg6+ Qf7
28. Qf5 Qg7 29. Kb1 Qg5 30. Qh7 Qg7 31. Qf5 Qg5 32. Qxg5 Bxg5 33. Rg1 Kf7 34.
f4 Bh4 35. Bh5+ Kf6 36. Rg4 Bf2 37. Rg2 e3 38. Nd4 Rh8 39. Rg6+ Ke7 40. Nf5+
Kd8 41. Rxd6+ Nd7 42. Rh6 Rxh6 43. Nxh6 Nf6 44. Bf3 Nxd5 45. Kc1 Nxf4 46. Kd1
Kc7 47. Ng4 Kd6 48. Nxf2 exf2 49. Be2 Kd5 50. Bf1 Kd4 51. Kd2 Nd5 52. Bg2 b4
53. Bf1 a5 54. Ke2 Ne3 55. Kxf2 1/2-1/2

[Event "ENCI Limburg-open B"]
[Site "Maastricht"]
[Date "2008.05.12"]
[Round "6"]
[White "Woudsma, Ron"]
[Black "Van Meegen, Henk"]
[Result "1-0"]
[WhiteElo "1607"]
[BlackElo "1403"]
[PlyCount "87"]
[EventDate "2008.05.09"]
[EventType "swiss"]
[EventRounds "7"]
[EventCountry "NED"]
[Source "P.Boonen"]
[SourceDate "2010.01.01"]

1. e4 c5 2. d4 cxd4 3. c3 dxc3 4. Nxc3 d6 5. Bc4 e6 6. Nf3 Nf6 7. O-O g6 8. Qe2
Bg7 9. Rd1 O-O 10. Bf4 Ne8 11. Nb5 Nc6 12. Nxd6 Nxd6 13. Bxd6 Re8 14. Be5 Qe7
15. Bxg7 Kxg7 16. Bb5 Rd8 17. Rxd8 Qxd8 18. Rd1 Qc7 19. Qc4 Qb6 20. Bxc6 bxc6
21. Qd4+ f6 22. Qxb6 axb6 23. a3 Ra5 24. Rd6 Rc5 25. g3 e5 26. Kg2 Rc2 27. Rd2
Rc4 28. Rd6 Rc2 29. Rd2 Rc4 30. Rd6 Rc2 31. b4 Rc3 32. b5 cxb5 33. Rxb6 Rxa3
34. Rxb5 Bg4 35. Nd2 Rd3 36. Rb2 Be6 37. Nf1 g5 38. Ne3 Kg6 39. Rb6 Bc8 40. Nd5
Bg4 41. Nxf6 Bf3+ 42. Kh3 Rd2 43. Ng4+ Kh5 44. Rh6# 1-0

[Event "ENCI Limburg-open B"]
[Site "Maastricht"]
[Date "2008.05.12"]
[Round "7"]
[White "Bamberger, Alberto"]
[Black "Cox, Jan"]
[Result "1-0"]
[WhiteElo "1620"]
[BlackElo "1477"]
[PlyCount "85"]
[EventDate "2008.05.09"]
[EventType "swiss"]
[EventRounds "7"]
[EventCountry "NED"]
[Source "P.Boonen"]
[SourceDate "2010.01.01"]

1. Nc3 e5 2. d3 d5 3. e4 Nf6 4. Bg5 c6 5. Nf3 Bg4 6. Be2 d4 7. Nb1 Be7 8. Nxe5
Qa5+ 9. Qd2 Bb4 10. c3 dxc3 11. Nxc3 Bxe2 12. Bxf6 gxf6 13. Nc4 Qc5 14. Kxe2
Nd7 15. a3 Qh5+ 16. f3 Bf8 17. d4 O-O-O 18. d5 Bh6 19. Qd4 c5 20. Qd1 Rhg8 21.
g4 Qg5 22. h4 Qf4 23. Qd2 Qxd2+ 24. Nxd2 Ne5 25. Nf1 f5 26. g5 Bg7 27. Ne3 f4
28. Nf5 Bf8 29. Rac1 f6 30. Rhg1 fxg5 31. Rxg5 Rxg5 32. hxg5 Nc4 33. Rh1 Rd7
34. b3 Ne5 35. a4 Bg7 36. Rxh7 Bf8 37. Rxd7 Kxd7 38. Nb5 a6 39. Na3 Ke8 40. Nc4
Nxc4 41. bxc4 Kf7 42. Kd3 Kg6 43. d6 1-0

[Event "ENCI Limburg-open B"]
[Site "Maastricht"]
[Date "2008.05.12"]
[Round "7"]
[White "Bemmelmans, Kristy"]
[Black "Beukema, Louise"]
[Result "1-0"]
[WhiteElo "1440"]
[BlackElo "1217"]
[PlyCount "91"]
[EventDate "2008.05.09"]
[EventType "swiss"]
[EventRounds "7"]
[EventCountry "NED"]
[Source "P.Boonen"]
[SourceDate "2010.01.01"]

1. e4 e5 2. Nf3 Nc6 3. Bb5 d6 4. d4 a6 5. Bxc6+ bxc6 6. dxe5 Bg4 7. exd6 cxd6
8. O-O g6 9. Re1 Bg7 10. Qd3 Qe7 11. Nc3 Rd8 12. Qxa6 Bxf3 13. Qxc6+ Rd7 14.
gxf3 Nf6 15. Bg5 O-O 16. Rad1 Rfd8 17. f4 Rc7 18. Bxf6 Bxf6 19. Nd5 Rxc6 20.
Nxe7+ Bxe7 21. c3 Ra8 22. a3 Rb6 23. Rd2 Bf6 24. e5 dxe5 25. fxe5 Be7 26. Re4
Rab8 27. b4 Ra6 28. Rd7 Bg5 29. Rc4 Rxa3 30. Rcc7 f6 31. e6 Re8 32. Rg7+ Kh8
33. Rxh7+ Kg8 34. Rcg7+ Kf8 35. e7+ Rxe7 36. Rxe7 Rxc3 37. Ra7 Kg8 38. Rhb7
Rc1+ 39. Kg2 Rc8 40. b5 Bf4 41. h4 Be5 42. Rg7+ Kh8 43. Rxg6 Rb8 44. Rgg7 Rxb5
45. Rge7 Rb8 46. Kf3 1-0

[Event "ENCI Limburg-open B"]
[Site "Maastricht"]
[Date "2008.05.12"]
[Round "7"]
[White "Boele, Martijn"]
[Black "Gijsen, Michelle"]
[Result "1/2-1/2"]
[WhiteElo "1860"]
[BlackElo "1580"]
[PlyCount "121"]
[EventDate "2008.05.09"]
[EventType "swiss"]
[EventRounds "7"]
[EventCountry "NED"]
[Source "P.Boonen"]
[SourceDate "2010.01.01"]

1. e4 e5 2. Bc4 Nf6 3. Nc3 Nc6 4. d3 Bc5 5. Bg5 h6 6. Be3 Bb6 7. a3 d6 8. Qd2
Be6 9. Nd5 Ng4 10. Bxb6 axb6 11. f3 Nf6 12. Ba2 Bxd5 13. exd5 Ne7 14. c4 Nf5
15. Ne2 O-O 16. O-O Qd7 17. Rae1 Rfe8 18. Bb1 b5 19. Bc2 Kh8 20. Rf2 Re7 21.
Kh1 Rae8 22. g4 Nd4 23. Nxd4 exd4 24. Rfe2 Nh7 25. Bd1 Ng5 26. Kg2 Nh7 27. b3
Nf8 28. Qf4 Ng6 29. Qxd4 Rxe2+ 30. Rxe2 Rxe2+ 31. Bxe2 Qe7 32. Qe4 Qf6 33. d4
Nf4+ 34. Kf1 Nxe2 35. Kxe2 bxc4 36. bxc4 Qh4 37. Qf4 Qe7+ 38. Kd2 Qd7 39. Qe4
Qa4 40. Qd3 Qd7 41. Kc2 Qe7 42. Qe4 Qh4 43. Qe8+ Kh7 44. Qe2 Qf6 45. Kc3 Kg8
46. a4 Qf4 47. Kd3 Qc1 48. Ke4 Qb1+ 49. Kf4 Qc1+ 50. Ke4 Qb1+ 51. Qd3 Qe1+ 52.
Kf4 Qc1+ 53. Kg3 Qg1+ 54. Kh3 Qa1 55. f4 Qxa4 56. f5 Qa1 57. f6 gxf6 58. Kh4
Kg7 59. Qe3 Qb2 60. h3 Qc2 61. c5 1/2-1/2

[Event "ENCI Limburg-open B"]
[Site "Maastricht"]
[Date "2008.05.12"]
[Round "7"]
[White "Boer, Jan"]
[Black "Pijlman, Rene"]
[Result "0-1"]
[WhiteElo "1578"]
[BlackElo "1868"]
[PlyCount "66"]
[EventDate "2008.05.09"]
[EventType "swiss"]
[EventRounds "7"]
[EventCountry "NED"]
[Source "P.Boonen"]
[SourceDate "2010.01.01"]

1. d4 Nf6 2. c4 e6 3. Nf3 Bb4+ 4. Bd2 Qe7 5. Qb3 Bxd2+ 6. Nbxd2 d6 7. e4 e5 8.
dxe5 dxe5 9. Qc3 Nbd7 10. Bd3 O-O 11. O-O a5 12. a3 a4 13. Rfe1 Re8 14. Rac1
Nc5 15. Bb1 Nfd7 16. Nf1 c6 17. Ne3 Nf8 18. Rcd1 f6 19. Nh4 g6 20. Nf1 Nfe6 21.
Qg3 Nf4 22. Nf5 Qf8 23. h4 Nh5 24. Qg4 Kh8 25. Qf3 Nf4 26. Nd6 Re7 27. g3 Nfe6
28. g4 Nd4 29. Qg3 Be6 30. f4 Rg7 31. Ne3 Qxd6 32. f5 Bd7 33. Nc2 Ne2+ 0-1

[Event "ENCI Limburg-open B"]
[Site "Maastricht"]
[Date "2008.05.12"]
[Round "7"]
[White "Bok, Gidius"]
[Black "Andziulevicius, Kestutis"]
[Result "0-1"]
[WhiteElo "1519"]
[BlackElo "1732"]
[PlyCount "62"]
[EventDate "2008.05.09"]
[EventType "swiss"]
[EventRounds "7"]
[EventCountry "NED"]
[Source "P.Boonen"]
[SourceDate "2010.01.01"]

1. e4 c5 2. Nf3 Nc6 3. d4 cxd4 4. Nxd4 Nf6 5. Nc3 e5 6. Nxc6 bxc6 7. Bg5 Bb4 8.
Qd2 Nxe4 9. Bxd8 Nxd2 10. Kxd2 Kxd8 11. Re1 f6 12. Re4 Bc5 13. f4 d5 14. Ra4 e4
15. Nd1 Re8 16. Ne3 Rb8 17. b3 d4 18. Nc4 e3+ 19. Kd1 Bf5 20. Na5 Kc7 21. Rc4
Kd6 22. a3 Be6 23. b4 Bb6 24. Rxc6+ Kd7 25. Bb5 Bg4+ 26. Ke1 Bxa5 27. Rb6+ Kc7
28. Rc6+ Kd8 29. Rd6+ Ke7 30. Rd5 Red8 31. Rc5 Bb6 0-1

[Event "ENCI Limburg-open B"]
[Site "Maastricht"]
[Date "2008.05.12"]
[Round "7"]
[White "Bokern, Paul"]
[Black "Wallace, Gavin"]
[Result "1/2-1/2"]
[WhiteElo "1268"]
[BlackElo "1605"]
[PlyCount "91"]
[EventDate "2008.05.09"]
[EventType "swiss"]
[EventRounds "7"]
[EventCountry "NED"]
[Source "P.Boonen"]
[SourceDate "2010.01.01"]

1. e4 e6 2. d4 d5 3. e5 c5 4. c3 Nc6 5. Nf3 Qb6 6. Nbd2 cxd4 7. cxd4 Nxd4 8.
Nxd4 Qxd4 9. Nb3 Qxe5+ 10. Qe2 Bd6 11. Be3 Bb4+ 12. Bd2 Bd6 13. Be3 Ne7 14. Bd4
Qxe2+ 15. Bxe2 O-O 16. Bd3 e5 17. Bc3 Be6 18. Rc1 Rac8 19. O-O a6 20. Rfe1 d4
21. Bd2 f5 22. Nxd4 Bxa2 23. Rxc8 Rxc8 24. Nxf5 Nxf5 25. Bxf5 Rf8 26. Be4 b5
27. Bb7 Bc5 28. Be3 Bxe3 29. Rxe3 Rd8 30. h3 Rd1+ 31. Kh2 a5 32. Rxe5 Bc4 33.
Bc6 b4 34. Rxa5 Rd2 35. Rc5 Be6 36. Re5 Kf7 37. Be8+ Kf6 38. Rb5 Rxb2 39. Rb6
Ke7 40. Ba4 Bd5 41. Rb5 Bc6 42. Ra5 Bxa4 43. Rxa4 b3 44. Rb4 Kd6 45. Kg3 Kc5
46. Rb7 1/2-1/2

[Event "ENCI Limburg-open B"]
[Site "Maastricht"]
[Date "2008.05.12"]
[Round "7"]
[White "Bokern, Peter"]
[Black "Visse, Bernard"]
[Result "1-0"]
[WhiteElo "1378"]
[BlackElo "1518"]
[PlyCount "91"]
[EventDate "2008.05.09"]
[EventType "swiss"]
[EventRounds "7"]
[EventCountry "NED"]
[Source "P.Boonen"]
[SourceDate "2010.01.01"]

1. e4 c6 2. Nf3 d5 3. Nc3 dxe4 4. Nxe4 Bg4 5. Be2 e6 6. O-O Nd7 7. d4 Ngf6 8.
Bg5 Be7 9. Nc3 Qc7 10. Qd2 Bd6 11. g3 Bh3 12. Rfe1 h6 13. Bxf6 gxf6 14. Rad1
O-O-O 15. Ne4 Be7 16. c4 f5 17. Nc3 Rdg8 18. Bf1 Bg4 19. Bg2 h5 20. h3 Bxf3 21.
Bxf3 f4 22. Ne2 fxg3 23. fxg3 Bh4 24. Kh1 Bxg3 25. Rg1 h4 26. d5 Ne5 27. Qc3
Nxf3 28. Qxf3 exd5 29. cxd5 Rg6 30. Rd3 Qd7 31. Nf4 c5 32. Rc1 b6 33. b4 Bxf4
34. Qxf4 Rg3 35. Qf1 Qd6 36. Rcc3 Rhg8 37. Rxg3 Rxg3 38. Qf5+ Kb8 39. Rf3 Rxf3
40. Qxf3 f6 41. bxc5 bxc5 42. Kg2 Qg3+ 43. Qxg3+ hxg3 44. Kxg3 c4 45. Kf3 Kc7
46. h4 1-0

[Event "ENCI Limburg-open B"]
[Site "Maastricht"]
[Date "2008.05.12"]
[Round "7"]
[White "Brixius, Dirk"]
[Black "Frijns, Raoul"]
[Result "1/2-1/2"]
[WhiteElo "1839"]
[BlackElo "1680"]
[PlyCount "91"]
[EventDate "2008.05.09"]
[EventType "swiss"]
[EventRounds "7"]
[EventCountry "NED"]
[Source "P.Boonen"]
[SourceDate "2010.01.01"]

1. c4 e5 2. g3 Nf6 3. Bg2 c6 4. Nc3 d5 5. cxd5 Nxd5 6. d3 Bb4 7. Bd2 O-O 8. Nf3
Qe7 9. O-O Nxc3 10. bxc3 Bd6 11. e4 Bg4 12. h3 Bh5 13. Qc2 Nd7 14. Rfe1 c5 15.
Rab1 b6 16. c4 Nb8 17. Nh4 Nc6 18. Nf5 Qd7 19. Qc1 Nd4 20. g4 Bg6 21. f4 f6 22.
Nxd4 cxd4 23. f5 Bf7 24. g5 Bh5 25. Bf1 g6 26. gxf6 Rxf6 27. Bg5 Rf7 28. Be2
Bxe2 29. Rxe2 gxf5 30. Rg2 Rg7 31. Kh2 f4 32. Qg1 Qf7 33. Rf1 Be7 34. Rff2 f3
35. Rg3 Bxg5 36. Rxg5 Qf4+ 37. Rg3 Rf8 38. Rfxf3 Rxg3 39. Qxg3+ Qxg3+ 40. Kxg3
Rxf3+ 41. Kxf3 h5 42. Kg3 Kg7 43. Kh4 Kg6 44. a4 a5 45. Kg3 Kg5 46. Kf3 1/2-1/2

[Event "ENCI Limburg-open B"]
[Site "Maastricht"]
[Date "2008.05.12"]
[Round "7"]
[White "Callebaut, Giovanni"]
[Black "Kuster, Edward"]
[Result "0-1"]
[WhiteElo "1047"]
[BlackElo "1365"]
[PlyCount "56"]
[EventDate "2008.05.09"]
[EventType "swiss"]
[EventRounds "7"]
[EventCountry "NED"]
[Source "P.Boonen"]
[SourceDate "2010.01.01"]

1. e4 c5 2. Nf3 d6 3. d4 cxd4 4. Nxd4 Nf6 5. Ne2 Nxe4 6. Nf4 e5 7. Qe2 Nf6 8.
g3 Bg4 9. f3 Bf5 10. Nd3 Nc6 11. f4 Nd4 12. Qf2 Ne4 13. Qg2 exf4 14. g4 Qh4+
15. Nf2 Nxc2+ 16. Kd1 Nxf2+ 17. Ke2 Nxh1 18. gxf5 Qe1+ 19. Kd3 Nf2+ 20. Kxc2
Rc8+ 21. Kb3 Qd1+ 22. Kb4 d5+ 23. Ka5 Rc5+ 24. Kb4 Qd4+ 25. Kb3 Rxc1 26. Bb5+
Kd8 27. Qg5+ f6 28. Qh5 Qb4# 0-1

[Event "ENCI Limburg-open B"]
[Site "Maastricht"]
[Date "2008.05.12"]
[Round "7"]
[White "Chan, Alexander"]
[Black "Hebels, Alex"]
[Result "1/2-1/2"]
[WhiteElo "1259"]
[BlackElo "1146"]
[PlyCount "68"]
[EventDate "2008.05.09"]
[EventType "swiss"]
[EventRounds "7"]
[EventCountry "NED"]
[Source "P.Boonen"]
[SourceDate "2010.01.01"]

1. e4 Nc6 2. Nf3 d5 3. exd5 Qxd5 4. Nc3 Qa5 5. Bb5 Bd7 6. d3 a6 7. Bc4 e6 8.
O-O O-O-O 9. Ng5 Nh6 10. Nge4 Bc5 11. a3 Ba7 12. Bg5 Rdf8 13. Qd2 Nf5 14. Rab1
Nfd4 15. Rfe1 h6 16. Be3 Kb8 17. Ng3 Ne5 18. Bxd4 Bxd4 19. Nce4 Nxc4 20. dxc4
Qxd2 21. Nxd2 Ba4 22. b3 Bc3 23. Nge4 Bxd2 24. Nxd2 Bc6 25. b4 Rd8 26. b5 axb5
27. cxb5 Bxb5 28. Rxb5 Rxd2 29. Rb2 Rhd8 30. g3 Rd1 31. Rxd1 Rxd1+ 32. Kg2 Rd2
33. a4 Ka7 34. Kf3 b6 1/2-1/2

[Event "ENCI Limburg-open B"]
[Site "Maastricht"]
[Date "2008.05.12"]
[Round "7"]
[White "Cox, Maud"]
[Black "Augustin, Petr"]
[Result "0-1"]
[WhiteElo "1295"]
[BlackElo "1175"]
[PlyCount "62"]
[EventDate "2008.05.09"]
[EventType "swiss"]
[EventRounds "7"]
[EventCountry "NED"]
[Source "P.Boonen"]
[SourceDate "2010.01.01"]

1. e4 e5 2. Nf3 Nc6 3. Nc3 Nf6 4. Bb5 d6 5. d4 a6 6. Ba4 b5 7. Bb3 Bg4 8. Bg5
Nxd4 9. Bd5 c6 10. Bb3 a5 11. h3 Bxf3 12. gxf3 a4 13. Bxf7+ Kxf7 14. Ne2 Nxf3+
15. Kf1 Nxg5 16. Ng3 Qb6 17. Qd3 Be7 18. Kg2 d5 19. h4 Ngxe4 20. Nxe4 Nxe4 21.
Qf3+ Bf6 22. Rhf1 Rhf8 23. Qh5+ Kg8 24. Qf5 Bxh4 25. Qe6+ Kh8 26. Qxe5 Rxf2+
27. Kh3 Qe3+ 28. Kg4 Qf3+ 29. Kxh4 Rxf1 30. Rxf1 Qxf1 31. Qd4 Qf4+ 0-1

[Event "ENCI Limburg-open B"]
[Site "Maastricht"]
[Date "2008.05.12"]
[Round "7"]
[White "Cromsigt, Jeroen"]
[Black "Smit, Melvin"]
[Result "0-1"]
[WhiteElo "1860"]
[BlackElo "1678"]
[PlyCount "104"]
[EventDate "2008.05.09"]
[EventType "swiss"]
[EventRounds "7"]
[EventCountry "NED"]
[Source "P.Boonen"]
[SourceDate "2010.01.01"]

1. e4 d5 2. d4 dxe4 3. Nc3 Nf6 4. f3 exf3 5. Nxf3 Bf5 6. Bc4 e6 7. O-O Be7 8.
Kh1 O-O 9. Ne2 c6 10. Be3 Nbd7 11. Ng3 Bg6 12. Qe2 Nb6 13. Bb3 Nbd5 14. Bg1 h6
15. Ne5 Bh7 16. c4 Nb6 17. Rae1 Qc7 18. Rf4 c5 19. Ref1 Nbd7 20. Nh5 Nxe5 21.
dxe5 Nxh5 22. Qxh5 Bg6 23. Qe2 Bg5 24. R4f2 Rad8 25. Re1 Bh4 26. g3 Bg5 27. Qf3
Rd3 28. Qg2 Rfd8 29. Bc2 Re3 30. Rfe2 Rxe2 31. Rxe2 Bxc2 32. Rxc2 Qxe5 33. Qxb7
Rd1 34. Qf3 Qd4 35. Rf2 f6 36. Qg2 Be3 37. Rf1 Rxf1 38. Qxf1 Bxg1 39. Qxg1
Qxg1+ 40. Kxg1 a5 41. Kf2 Kf7 42. Ke3 f5 43. Kd3 Kf6 44. Kc3 e5 45. a3 e4 46.
b4 axb4+ 47. axb4 cxb4+ 48. Kxb4 g5 49. c5 Ke7 50. Kc4 f4 51. Kd4 e3 52. Kd3
Kd7 0-1

[Event "ENCI Limburg-open B"]
[Site "Maastricht"]
[Date "2008.05.12"]
[Round "7"]
[White "De Graaf, Arnoud"]
[Black "Strolenberg, Lars"]
[Result "0-1"]
[WhiteElo "1818"]
[BlackElo "1539"]
[PlyCount "46"]
[EventDate "2008.05.09"]
[EventType "swiss"]
[EventRounds "7"]
[EventCountry "NED"]
[Source "P.Boonen"]
[SourceDate "2010.01.01"]

1. Nf3 b6 2. d4 Bb7 3. c4 e6 4. Nbd2 Nf6 5. a3 d5 6. g3 Bd6 7. Bg2 Nc6 8. O-O
Ne7 9. Ne5 Nd7 10. Qa4 Bxe5 11. dxe5 Bc6 12. Qc2 Nxe5 13. Rd1 d4 14. Ne4 Qd7
15. Be3 Nf5 16. Bf4 Ng6 17. Bg5 h6 18. Bf6 O-O 19. g4 Nd6 20. Bxd4 e5 21. Be3
Qxg4 22. f3 Bxe4 23. fxe4 Nh4 0-1

[Event "ENCI Limburg-open B"]
[Site "Maastricht"]
[Date "2008.05.12"]
[Round "7"]
[White "De Jong, Ti"]
[Black "Muyrers, Cyril"]
[Result "0-1"]
[WhiteElo "1533"]
[BlackElo "1766"]
[PlyCount "132"]
[EventDate "2008.05.09"]
[EventType "swiss"]
[EventRounds "7"]
[EventCountry "NED"]
[Source "P.Boonen"]
[SourceDate "2010.01.01"]

1. e4 e6 2. b3 d5 3. Bb2 Nf6 4. exd5 exd5 5. Nf3 Bd6 6. Be2 O-O 7. O-O c5 8. h3
Nc6 9. d3 Bf5 10. Nbd2 d4 11. c3 dxc3 12. Bxc3 Nd5 13. Bb2 b6 14. Nc4 Bc7 15.
Ne3 Be6 16. Nh2 Qd6 17. Nf3 Nf4 18. Ng4 Rfe8 19. Re1 Nxe2+ 20. Rxe2 Nd4 21.
Bxd4 cxd4 22. Ngh2 Rad8 23. Rc1 Bd5 24. Rxe8+ Rxe8 25. g3 Be6 26. Ng5 Bd5 27.
Qh5 h6 28. Ngf3 Bb7 29. Rc4 Ba6 30. Rxd4 Qc6 31. Nf1 g6 32. Qd5 Qf6 33. Ne3 Rd8
34. Ng4 Qe7 35. Qe4 Qxe4 36. Rxd8+ Kg7 37. dxe4 Bxd8 38. Nd4 Bb7 39. f3 Bc7 40.
Kf2 h5 41. Ne3 h4 42. gxh4 Kh6 43. Nb5 Bb8 44. Ng2 a6 45. Nc3 Bd6 46. Ne2 Bc5+
47. Kg3 Bd6+ 48. Ngf4 a5 49. Kg2 Ba6 50. Kf1 Bxf4 51. Kf2 Bxe2 52. Kxe2 Kg7 53.
Kd3 Kf6 54. Kd4 Ke6 55. Kc4 Kd6 56. a3 Kc6 57. a4 Bg3 58. h5 gxh5 59. Kd4 Kd6
60. Kc4 Ke5 61. Kd3 Kf4 62. Ke2 Bh4 63. e5 Kxe5 64. Ke3 Bg3 65. Kd3 Kf4 66. Ke2
Bh4 0-1

[Event "ENCI Limburg-open B"]
[Site "Maastricht"]
[Date "2008.05.12"]
[Round "7"]
[White "De Lange, Marieke"]
[Black "Tuerlinckx, Ben"]
[Result "0-1"]
[WhiteElo "1130"]
[BlackElo "1281"]
[PlyCount "68"]
[EventDate "2008.05.09"]
[EventType "swiss"]
[EventRounds "7"]
[EventCountry "NED"]
[Source "P.Boonen"]
[SourceDate "2010.01.01"]

1. e4 c6 2. d4 d5 3. Nc3 dxe4 4. Nxe4 Bf5 5. Nc3 Nf6 6. Bc4 e6 7. Nf3 Nbd7 8.
Bg5 Be7 9. Bxf6 Bxf6 10. d5 cxd5 11. Bxd5 exd5 12. Qe2+ Qe7 13. Nxd5 Qxe2+ 14.
Kxe2 Bd8 15. Rhe1 O-O 16. Kf1 Bxc2 17. Rac1 Bd3+ 18. Kg1 Ba5 19. Re3 Ba6 20.
Ne7+ Kh8 21. Nh4 Bd2 22. Rc7 Bxe3 23. Rxd7 Bb6 24. Nef5 Rac8 25. h3 Bb5 26. Rd2
Rc1+ 27. Kh2 Bc7+ 28. g3 Bc6 29. f3 Re8 30. Ng2 Bb6 31. h4 Bc7 32. Rd4 g6 33.
Nh6 Kg7 34. Ng4 Bxf3 0-1

[Event "ENCI Limburg-open B"]
[Site "Maastricht"]
[Date "2008.05.12"]
[Round "7"]
[White "De Mon, Gino"]
[Black "Ingelaere, Tijl"]
[Result "1/2-1/2"]
[WhiteElo "1316"]
[BlackElo "1150"]
[PlyCount "121"]
[EventDate "2008.05.09"]
[EventType "swiss"]
[EventRounds "7"]
[EventCountry "NED"]
[Source "P.Boonen"]
[SourceDate "2010.01.01"]

1. e4 e6 2. d4 d5 3. e5 c5 4. Nf3 cxd4 5. Nxd4 Bc5 6. Nc3 Bd7 7. Nb3 Bb6 8. Qf3
f6 9. exf6 Qxf6 10. Qxf6 Nxf6 11. Bb5 Nc6 12. Bxc6 Bxc6 13. Be3 Bxe3 14. fxe3
O-O 15. Nd4 Bd7 16. O-O a6 17. b3 Rac8 18. Na4 Bxa4 19. bxa4 Rfe8 20. Rab1 Rb8
21. Rb6 e5 22. Nf5 Ne4 23. Nd6 Nxd6 24. Rxd6 Rbd8 25. Rb6 Rb8 26. Rd1 Red8 27.
Re6 e4 28. Re5 Rbc8 29. Rdxd5 Rxd5 30. Rxd5 Rxc2 31. Re5 Rxa2 32. Rxe4 Kf7 33.
Rb4 Kf6 34. Rb6+ Kf5 35. Rxb7 Ke4 36. Rxg7 Kxe3 37. Re7+ Kf4 38. Rf7+ Ke3 39.
Rf3+ Ke4 40. Rh3 Ra1+ 41. Kf2 Ra2+ 42. Ke1 Kf5 43. Rh5+ Kg6 44. Ra5 Rxg2 45.
Rxa6+ Kg7 46. Ra7+ Kh6 47. a5 Rxh2 48. a6 Ra2 49. Ra8 Kh5 50. a7 h6 51. Kf1 Kh4
52. Kg1 h5 53. Kh1 Kh3 54. Kg1 h4 55. Kf1 Kh2 56. Ke1 h3 57. Kf1 Kh1 58. Rh8
Ra1+ 59. Kf2 Ra2+ 60. Kg3 Rxa7 61. Rxh3+ 1/2-1/2

[Event "ENCI Limburg-open B"]
[Site "Maastricht"]
[Date "2008.05.12"]
[Round "7"]
[White "De Vries, Paul"]
[Black "Roelofs, Rik"]
[Result "1/2-1/2"]
[WhiteElo "1495"]
[BlackElo "1636"]
[PlyCount "62"]
[EventDate "2008.05.09"]
[EventType "swiss"]
[EventRounds "7"]
[EventCountry "NED"]
[Source "P.Boonen"]
[SourceDate "2010.01.01"]

1. d4 c5 2. d5 d6 3. Nf3 g6 4. c4 Bg7 5. Nc3 Nf6 6. g3 O-O 7. Bg2 Nbd7 8. Qc2
Nb6 9. b3 Bf5 10. Qd2 Ne4 11. Nxe4 Bxa1 12. Nc3 Nd7 13. Bb2 Bxb2 14. Qxb2 Nf6
15. Nh4 Bd7 16. Qd2 Qa5 17. O-O a6 18. Rc1 b5 19. h3 bxc4 20. bxc4 Rab8 21. Qh6
Qb4 22. Ne4 Nxe4 23. Bxe4 Be8 24. Nf3 f6 25. h4 Qb2 26. h5 f5 27. Rb1 Qxe2 28.
Rxb8 fxe4 29. Rxe8 Qd1+ 30. Kh2 Qxf3 31. Rxf8+ Qxf8 1/2-1/2

[Event "ENCI Limburg-open B"]
[Site "Maastricht"]
[Date "2008.05.12"]
[Round "7"]
[White "Dirksen, Pieter"]
[Black "Begri, Felix"]
[Result "1-0"]
[WhiteElo "1518"]
[BlackElo "1365"]
[PlyCount "53"]
[EventDate "2008.05.09"]
[EventType "swiss"]
[EventRounds "7"]
[EventCountry "NED"]
[Source "P.Boonen"]
[SourceDate "2010.01.01"]

1. e4 e6 2. d4 d5 3. exd5 exd5 4. Nc3 c6 5. Nf3 Bg4 6. Bf4 Bb4 7. Qd3 Qa5 8.
Be2 Bxc3+ 9. bxc3 Nf6 10. O-O O-O 11. Bd2 Ne4 12. Ng5 Bxe2 13. Qxe2 Nxg5 14. c4
Qd8 15. Qg4 Ne4 16. Bh6 Qf6 17. cxd5 cxd5 18. f3 Qxh6 19. fxe4 Qe3+ 20. Kh1
Qxe4 21. Qh3 Qxd4 22. Rad1 Qc4 23. Rde1 Nc6 24. Qd7 b6 25. a3 Rad8 26. Qc7 Rfe8
27. Qxf7+ 1-0

[Event "ENCI Limburg-open B"]
[Site "Maastricht"]
[Date "2008.05.12"]
[Round "7"]
[White "Evmentchik, Jury"]
[Black "Daemen, Jules"]
[Result "0-1"]
[WhiteElo "1466"]
[BlackElo "1595"]
[PlyCount "38"]
[EventDate "2008.05.09"]
[EventType "swiss"]
[EventRounds "7"]
[EventCountry "NED"]
[Source "P.Boonen"]
[SourceDate "2010.01.01"]

1. e4 e6 2. f4 d5 3. e5 c5 4. Nf3 Ne7 5. d4 Nf5 6. Nc3 Nc6 7. Bb5 Bd7 8. Bxc6
Bxc6 9. Qd3 Qb6 10. Be3 Nxe3 11. Qxe3 cxd4 12. Nxd4 Bc5 13. O-O-O O-O 14. Kb1
a5 15. Qd3 a4 16. Nxc6 bxc6 17. Ne2 Rfb8 18. b3 axb3 19. Qxb3 Qa5 0-1

[Event "ENCI Limburg-open B"]
[Site "Maastricht"]
[Date "2008.05.12"]
[Round "7"]
[White "Franssen, John2"]
[Black "Uckerman, John"]
[Result "1-0"]
[WhiteElo "1799"]
[BlackElo "1683"]
[PlyCount "94"]
[EventDate "2008.05.09"]
[EventType "swiss"]
[EventRounds "7"]
[EventCountry "NED"]
[Source "P.Boonen"]
[SourceDate "2010.01.01"]

1. d4 Nf6 2. c4 e6 3. Nc3 Bb4 4. Qc2 b6 5. a3 Bxc3+ 6. Qxc3 Bb7 7. Nf3 h6 8. g3
d6 9. b4 Nbd7 10. Bg2 O-O 11. O-O Re8 12. Bb2 Ne4 13. Qc2 f5 14. Rad1 Qe7 15.
Rfe1 c5 16. d5 e5 17. Nh4 Qf7 18. Bxe4 fxe4 19. Qxe4 Rf8 20. Rf1 cxb4 21. axb4
a5 22. f4 Qe8 23. Nf5 Nf6 24. Qc2 Qh5 25. e4 Ng4 26. Qe2 Qh3 27. Nxd6 exf4 28.
Rxf4 Rxf4 29. gxf4 Bc8 30. Rd3 Qh4 31. Nxc8 Rxc8 32. Rg3 h5 33. d6 Kh8 34. d7
Rxc4 35. d8=Q+ Qxd8 36. Qxc4 Qd1+ 37. Qf1 Qd2 38. Rxg4 hxg4 39. Qc1 Qxb4 40.
Qc3 Qf8 41. Kg2 Kh7 42. Kg3 Qf7 43. f5 Qd7 44. Kxg4 Qd1+ 45. Qf3 Qg1+ 46. Kh3
Qe1 47. Qg2 Qe3+ 1-0

[Event "ENCI Limburg-open B"]
[Site "Maastricht"]
[Date "2008.05.12"]
[Round "7"]
[White "Freriks, Oscar"]
[Black "Student, Martin"]
[Result "0-1"]
[WhiteElo "1453"]
[BlackElo "1713"]
[PlyCount "70"]
[EventDate "2008.05.09"]
[EventType "swiss"]
[EventRounds "7"]
[EventCountry "NED"]
[Source "P.Boonen"]
[SourceDate "2010.01.01"]

1. e4 Nc6 2. Nf3 e5 3. d4 exd4 4. Nxd4 Qh4 5. Nb5 Qxe4+ 6. Qe2 Qxe2+ 7. Bxe2
Kd8 8. Bf4 d6 9. Nd2 a6 10. Nc3 Nge7 11. Bf3 Ng6 12. Bg3 Be6 13. O-O-O Be7 14.
Nde4 f5 15. Nc5 Bd7 16. Nxb7+ Kc8 17. Na5 Nxa5 18. Bxa8 f4 19. Rhe1 fxg3 20.
hxg3 c6 21. b4 Nc4 22. Rd4 Nb6 23. b5 axb5 24. Nxb5 cxb5 25. Be4 Re8 26. Rd3
Bf6 27. Rxd6 Kc7 28. Rd3 Bc6 29. f3 Bxe4 30. fxe4 Nc4 31. Rb3 Bg5+ 32. Kd1 Rd8+
33. Ke2 Rd2+ 34. Kf1 Kc6 35. Reb1 Rxc2 0-1